LEADER 00943nam a2200217 i 4500 001 000000213483 003 CaOOAMICUS 005 20120523000000.0 008 120523s1904 gw u000 u ger u 013 $a192338 040 $aSeMil$bita 100 1 $aHelbing, Robert.$0(OLS)http://semarc/name/65153 245 14$aDie Präpositionen bei Herodot und anderen Historikern /$cvon Robert Helbing. 260 $aWürzburg :$bStuber,$c1904. 300 $a159 p. ;$c25 cm. 490 0 $aBeiträge zur historischen Syntax der griechischen Sprache ;$v16 830 0$aBeiträge zur historischen Syntax der griechischen Sprache ;$v16.$0(OLS)http://semarc/title/26367 850 $aSeMil 852 $aSeMil$W1$xVenegono$y1$m1Z V 40 FA$j163913$B163913$CSeMilBibl$Z2$F174971 $8I 996 $6245$aDie Präpositionen bei Herodot und anderen Historikern$9(OLS)http://semarc/title/307754 996 $6260$aWürzburg :$bStuber$9(OLS)http://semarc/publisher/52773 LEADER 00914nam a2200241 i 4500 001 000000092849 003 CaOOAMICUS 005 20180830150129.0 008 180830s1972 xx u000 u und u 013 $a65091 020 $a88-425- 040 $aSeMil$bita 100 1 $aLunetta, Mario,$d<1934-2017>.$0(OLS)http://semarc/name/41149 245 10$aInvito alla lettura di Italo Svevo. 260 $aMilano :$bMursia,$c1972. 300 $a168 p. 490 0 $aInvito alla lettura. Sezione italiana ;$v8 830 0$aInvito alla lettura. Sezione italiana ;$v8.$0(OLS)http://semarc/title/7162 850 $aSeMil 852 $aSeMil$W1$xVenegono$y1$m58 7 8 *$j55678$B55678$CSeMilBibl$Z2$F60450 $81 996 $6020$a88-425-$9(OLS)http://semarc/number/73027 996 $6245$aInvito alla lettura di Italo Svevo$9(OLS)http://semarc/title/138968 996 $6260$aMilano :$bMursia$9(OLS)http://semarc/publisher/30230